| 000 | 00563 a2200217 4500 | ||
|---|---|---|---|
| 005 | 20260210091022.0 | ||
| 008 | 260210b |||||||| |||| 00| 0 eng d | ||
| 020 |
_a9788183769549 _cRs. 1595.00 |
||
| 040 | _aMAIN | ||
| 082 |
_a616.8522 _bS17Y |
||
| 100 | _aSree, Yadla Vishwa | ||
| 245 | _aYoga for panic disorder | ||
| 260 |
_bABD Publishers _c2024 _aJaipur |
||
| 300 | _aviii, 229 | ||
| 650 | _aDiseases | ||
| 650 | _aMental-Emotional Disorders | ||
| 650 | _aPanic Disorder | ||
| 650 | _aYoga Therapy | ||
| 700 | _aPenchalayya, Yadla | ||
| 942 | _cBK | ||
| 999 |
_c396132 _d396132 |
||